=LDR 00000nam 2200000 4500 =001 INLIS000000000009268 =005 20200805074821 =035 ##$$a 0010-061300000009268 =008 200805################g##########0#ind## =041 ##$$a Ind =082 ##$$a 230 =090 ##$$a 230, Had-i =100 ##$$a Hadiwijono, Harun =245 1#$$a Inilah sahabatku /$c Dr. Harun Hadiwijono =260 ##$$a Jakarta :$b Gunung mulia,$c 1995 =300 ##$$a 206 hlm, ; $c 13 x 18 cm =650 #4$$a Teologi-kristen =850 ##$$a NBPNMAT =020 ##$$a 979-415-065-3 =084 ##$$a 230 HAD i =250 ##$$a Cet. 1 =990 ##$$a DW00022309 =990 ##$$a 112. 629/Pro- 97 =990 ##$$a 112. 629/Pro- 97